000 00643nam a2200205Ia 4500
001 14908
003 GE_BSU
008 181216s||||||||xx |||||||||||||| ||und||
040 _cGE_BSU
080 _a512+517
100 _aБашмаков, М.И.,Беккер,Б. М.,Гольховой, В.М.
245 _aЗадачи по математике. Алгебра и анализ.
245 _cПод. ред. Д.К.фадеева.
260 _aМосква
260 _bНаука.
260 _c1982
300 _a191 стр. 20см.
653 _aЗадачи по математике.Алгевра и анализ.
942 _cBK
999 _c48028
_d48028